000 00461nam a2200193Ia 4500
005 20250603145657.0
008 250603s9999 xx 000 0 und d
020 _a9780323280808
050 _aRB 33 .K55/
100 _aKlatt, Edward C.
245 0 _aRobbins and Cotran atlas of pathology
250 _a3rd ed.
260 _aPhiladelphia
260 _bElservier Saunders
260 _c2015
300 _a587 p
650 _aPhiladelphia
942 _cBK
999 _c42531
_d42531